| 000 | 00598nam a2200181Ia 4500 | ||
|---|---|---|---|
| 008 | 090123s9999 xx 000 0 und d | ||
| 082 |
_b38046 _a891.463/सहस्त्र |
||
| 100 | _aसहस्त्रबुध्दे वसुधा | ||
| 245 | _aअंकिता | ||
| 250 | _a1 | ||
| 260 |
_bअनघा प्रकाशन _c2005 |
||
| 300 | _a215 | ||
| 600 | _aसहस्त्रबुध्दे वसुधा | ||
| 630 | _aअंकिता | ||
| 700 | _aसहस्त्रबुध्दे वसुधा | ||
| 730 | _aअंकिता | ||
| 942 | _cBOOK | ||
| 999 |
_c76224 _d76224 |
||